UK Snooker Championship Finalists - Statistics

General Stats
  • This quiz has been taken 544 times
    124 since last reset
  • The average score is 21 of 31
Answer Stats
Answer % Correct
John Higgins
97%
Ronnie O'Sullivan
96%
Alex Higgins
95%
Steve Davis
95%
Stephen Hendry
94%
Judd Trump
93%
Mark Williams
91%
Mark Selby
89%
Ding Junhui
84%
Shaun Murphy
84%
Jimmy White
83%
Neil Robertson
83%
John Parrott
80%
David Taylor
78%
Matthew Stevens
74%
Peter Ebdon
73%
Ken Doherty
71%
Mark Allen
69%
Terry Griffiths
69%
Luca Brecel
66%
Barry Hawkins
61%
Doug Mountjoy
57%
John Virgo
56%
Stephen Maguire
56%
Marco Fu
51%
Zhao Xintong
41%
Willie Thorne
35%
Patsy Fagan
32%
Liang Wenbo
27%
Neal Foulds
23%
David Gray
12%
No matching quizzes found
Score Distribution
Percent of People with Each Score
Percentile by Number Answered
Your Score History
You have not taken this quiz since the last reset